000 00296nam a2200109Ia 4500
008 200302s9999 xx 000 0 und d
100 _aG. D. Kunders & Othres
245 _aHospitals Planning, Design and Management
260 _bTata Mcgraw-Hill Publishing Co.
260 _c1999
300 _a424 P.,
999 _c5452
_d5452